000 00531nam a2200157 i 4500
001 19754
003 ES-MaACL
005 20230906152147.0
007 t|
008 021011s1972 sp ||||1| spa d
245 0 3 _aEl absentismo laboral en la industria guipuzcoana.
260 _a[San Sebastián] :
_bCámara de Comercio, Industria y Navegación de Guipúzcoa,
_c[1972]
300 _a105 p. ;
_c24 cm.
710 0 0 _aCámara Oficial de Comercio, Industria y Navegación de Guipúzcoa.
_92394
852 _aES-MaACL
_jC-45001
_bR.83030
999 _c19754
_d19754